| 000 | 01657cam a2200349 a 4500 | ||
|---|---|---|---|
| 999 |
_c16942 _d16942 |
||
| 001 | 13423518 | ||
| 003 | EG-ScBUE | ||
| 005 | 20210308114200.0 | ||
| 008 | 031204s2004 mau f b 001 0 eng d | ||
| 020 | _a9781405108539 (pbk. : alk. paper) | ||
| 020 | _a1405108533 (pbk. : alk. paper) | ||
| 040 |
_aDLC _beng _erda _cDLC _dDLC _dEG-ScBUE |
||
| 043 |
_ae-uk--- _an-us--- |
||
| 082 | 0 | 4 |
_a820.9112 _bAYE _222 |
| 100 | 1 |
_aAyers, David, _d1960- _eauthor. _930831 |
|
| 245 | 1 | 0 |
_aModernism : _ba short introduction / _cDavid Ayers. |
| 264 | 1 |
_aMalden, MA : _bBlackwell Publishing, _c2004. |
|
| 300 |
_axii, 153 pages ; _c24 cm |
||
| 336 |
_2rdacontent _atext _btxt |
||
| 337 |
_2rdamedia _aunmediated _bn |
||
| 338 |
_2rdacarrier _avolume _bnc |
||
| 504 | _aIncludes bibliographical references and index. | ||
| 505 | 0 | _aH.D., Ezra Pound and imagism -- T.S. Eliot and modernist reading -- 'The waste land', Nancy Cunard, and Mina Loy -- Wallace Stevens and romantic legacy -- Wyndham Lewis : genius and art -- James Joyce : Ulysses and love -- D.H. Lawrence : jazz and life -- Virginia Woolf : art and class -- The modernity of Adorno and Benjamin -- The post-structuralist inflection. | |
| 650 | 7 |
_aEnglish literature _y20th century _xHistory and criticism. _2BUEsh _930833 |
|
| 650 | 7 |
_aModernism (Literature) _zEnglish-speaking countries _2BUEsh _930834 |
|
| 650 | 7 |
_aAmerican literature _y20th century _xHistory and criticism. _2BUEsh _930835 |
|
| 651 | _2BUEsh | ||
| 653 |
_cAugust2012 _bHHUUEENN |
||
| 655 |
_vReading book _934232 |
||
| 942 |
_2ddc _cBB |
||